00708nam a2200193 a 4500008004100000020002200041245013700063260003700200300002500237440002200262500006000284651006800344700001900412700002100431710003500452003000100487005001700488040000900505  a0140241000 (pbk.)00aA-Z of South African politics :bthe essential handbook, 1994 /cWeekly Mail & Guardian ; edited by Anton Harber and Barbara Ludman. aLondon :bPenguin Books,cc1994. axi, 357 p. ;c20 cm. 0aPenguin politics. aDistributor information from sticker on verso of cover. 0aSouth AfricaxPolitics and governmentxHandbooks, manuals, etc.1 aHarber, Anton.1 aLudman, Barbara.2 aWeekly Mail & Guardian (Firm).20230120191411.0 cNUST